01449nam a22002417a 450000500170000000800410001702000180005804000070007604100120008308200200009510000280011524500270014326000490017030000260021936500520024552006080029765000280090565000450093370000300097894200120100899900190102095201680103920240703091657.0240701b ||||| |||| 00| 0 eng d a9789388144315 cAL aEnglish 223a174.4bCLAR aGeorge S Clason9172336 aRichest man in Babylon aNew DelhibPrakash Books India Pvt Ltdc2023 a155 p.bPBc19x13 cm. a554b₹119.00c₹d₹149.00e20%f01-05-2024 aDiscover the secrets to financial prosperity in The Richest Man In Babylon by George S. Clason. This timeless guide shares timeless principles of wealth creation, offering practical advice through engaging stories set in ancient Babylon. Enduring guide to financial wisdom! • Classic guide to personal finance and wealth accumulation • Ancient Babylonian parables that resonate with modern readers • Learn the principles of saving, investing, and acquiring wealth • Practical financial wisdom for individuals of all income levels • Time-tested strategies for financial independence and success abusiness ethics9172120 awealth moral and ethical aspects9172121 aCLASON (GEORGE S)9172122 2ddccBK c231343d231343 00102ddc40708GENaALbALd2024-05-14eBiblios Book Point Surathkal Mangalore 575014g119.00l0o174.4 CLARp077192r2024-07-01 00:00:00v149.00w2024-07-01yBK